000 00296nam a2200109Ia 4500
008 171211s9999 xx 000 0 und d
245 _aOracle Database 11g
245 _cCharles Kim and Sam Alapati
260 _c2007
650 _xSOFTWARE
856 _uhttp://down.ebook777.com/062/1590599101.pdf
999 _c349349
_d349349